| 000 | 00556nam a2200193Ia 4500 | ||
|---|---|---|---|
| 005 | 20250326141259.0 | ||
| 008 | 250326s9999 xx 000 0 und d | ||
| 037 | _aTextbook | ||
| 040 |
_aFMSL _beng _cFMSL |
||
| 041 |
_aeng _2eng |
||
| 084 |
_aX:321:(SNI) N3 _qFMSL |
||
| 100 | _aLoudon D L | ||
| 245 | 0 |
_aConsumer behavior: Concept and Application _cLoudon D L; Dela Bitta A J |
|
| 250 | _a4 | ||
| 260 |
_aNew York _bNew York, McGraw Hill _c1993 |
||
| 300 | _axxiii, 788 | ||
| 942 |
_cTB _hX:321:(SNI) N3 |
||
| 999 |
_c1289579 _d1289579 |
||